Literature - Basic Vocabs - Statistics

General Stats
  • This quiz has been taken 17 times
  • The average score is 9 of 17
Answer Stats
Description Answer % Correct
a person, animal, or thing that takes part in the action of a literary work Character
93%
the series of related events that happen in a story Plot
87%
the time and place in which the events of the story take place Setting
80%
a high point of interest or suspense (the point of the story) Climax
73%
the central idea, message, or purpose in a literary work Theme
73%
the use of clues to suggest events that will happen later in the plot Foreshadowing
53%
the problem/s are solved and the story ends Resolution
53%
anything that stands or represents something else Symbol
53%
the narrator is a character in the story (refers to himself or herself and uses "I" First Person
47%
a struggle between opposing needs, desires, or emotions within a person (or mind) Internal Conflict
47%
a reference to something well known (person, place, event, movies, television, history or other) Allusion
40%
a struggle between a character and an outside force (against character, animal or monster, etc.) External Conflict
40%
a feeling of anxious uncertainty about what will happen next Suspense
33%
narrator knows and tells about what all characters feel, think, and do Third Person
33%
a comprehensive description and explanation of an idea or theory Exposition
27%
incident/s that reveals the character/s' problems or struggles Rising Action
20%
all knowing Omniscent
13%
No matching quizzes found
Score Distribution
Percent of People with Each Score
Percentile by Number Answered
Your Score History
You have not taken this quiz